Intenational business / (Record no. 4495)

MARC details
000 -LEADER
fixed length control field 00564 a2200181 4500
010 ## - LCCN (DPL NO)
LC control number ENG-86356
020 ## - INTERNATIONAL STANDARD BOOK NUMBER
International Standard Book Number 1403929661
Terms of availability 275.00
035 ## - SYSTEM CONTROL NUMBER
System control number EN-69889
037 ## - SOURCE OF ACQUISITION
Source of stock number/acquisition DBAD / PUB
082 14 - DEWEY DECIMAL CLASSIFICATION NUMBER
Classification number 338.88
100 1# - MAIN ENTRY--PERSONAL NAME
Personal name Shajahan, S
245 1# - TITLE STATEMENT
Title Intenational business /
Statement of responsibility, etc by S Shajahan
260 ## - PUBLICATION, DISTRIBUTION, ETC. (IMPRINT)
Place of publication, distribution, etc New Delhi
Name of publisher, distributor, etc Macmillan India
Date of publication, distribution, etc 2006
270 ## - ADDRESS
Address 2/10, Ansari Road, Daryagnaj
City New Delhi
Postal code 110 002
300 ## - PHYSICAL DESCRIPTION
Extent xv, 355 p.
Dimensions 24cm. (Pbk.)
500 ## - GENERAL NOTE
General note Includes bibliographical references , glossary and index
942 ## - ADDED ENTRY ELEMENTS (KOHA)
Institution code [OBSOLETE] dpl
Item type English Books
Source of classification or shelving scheme Dewey Decimal Classification
Classification part 338.88
Call number suffix SHA
Holdings
Withdrawn status Lost status Not for loan Collection code Home library Current library Source of acquisition Cost, normal purchase price Full call number Barcode Copy number Cost, replacement price Koha item type
    Not For Loan Non-fiction D.B.Act.Division D.B.Act.Division DBAD/PUB 275.00 338.88 SHA EN-69889 1 275.00 English Books

© Delhi Public Library
Hit Counter
free hit counter